NASCAR Champions - Statistiken

Allgemein
  • Dieses Quiz wurde 43 mal gespielt
    9 seit der letzten Aktualisierung
  • Das Durchschnittsergebnis liegt bei 53 aus 77
Antwortstatistiken
Hint Antwort % Korrekt
2020 Chase Elliott
100%
2024 Joey Logano
100%
2022 Joey Logano
100%
2025 Kyle Larson
100%
2021 Kyle Larson
100%
2023 Ryan Blaney
100%
1992 Alan Kulwicki
75%
1988 Bill Elliott
75%
1983 Bobby Allison
75%
2000 Bobby Labonte
75%
2012 Brad Keselowski
75%
1978 Cale Yarborough
75%
1977 Cale Yarborough
75%
1976 Cale Yarborough
75%
1994 Dale Earnhardt
75%
1993 Dale Earnhardt
75%
1991 Dale Earnhardt
75%
1990 Dale Earnhardt
75%
1987 Dale Earnhardt
75%
1986 Dale Earnhardt
75%
1980 Dale Earnhardt
75%
1999 Dale Jarrett
75%
1985 Darrell Waltrip
75%
1982 Darrell Waltrip
75%
1981 Darrell Waltrip
75%
2001 Jeff Gordon
75%
1998 Jeff Gordon
75%
1997 Jeff Gordon
75%
1995 Jeff Gordon
75%
2016 Jimmie Johnson
75%
2013 Jimmie Johnson
75%
2010 Jimmie Johnson
75%
2009 Jimmie Johnson
75%
2008 Jimmie Johnson
75%
2007 Jimmie Johnson
75%
2006 Jimmie Johnson
75%
2018 Joey Logano
75%
2014 Kevin Harvick
75%
2004 Kurt Busch
75%
2019 Kyle Busch
75%
2015 Kyle Busch
75%
2017 Martin Truex Jr
75%
2003 Matt Kenseth
75%
1979 Richard Petty
75%
1989 Rusty Wallace
75%
1996 Terry Labonte
75%
1984 Terry Labonte
75%
2011 Tony Stewart
75%
2005 Tony Stewart
75%
2002 Tony Stewart
75%
1973 Benny Parsons
50%
1950 Bill Rexford
50%
1970 Bobby Isaac
50%
1957 Buck Baker
50%
1956 Buck Baker
50%
1969 David Pearson
50%
1968 David Pearson
50%
1966 David Pearson
50%
1953 Herb Thomas
50%
1951 Herb Thomas
50%
1963 Joe Weatherly
50%
1962 Joe Weatherly
50%
1959 Lee Petty
50%
1958 Lee Petty
50%
1954 Lee Petty
50%
1965 Ned Jarrett
50%
1961 Ned Jarrett
50%
1949 Red Byron
50%
1960 Rex White
50%
1975 Richard Petty
50%
1974 Richard Petty
50%
1972 Richard Petty
50%
1971 Richard Petty
50%
1967 Richard Petty
50%
1964 Richard Petty
50%
1955 Tim Flock
50%
1952 Tim Flock
50%
Keine übereinstimmenden Quizze gefunden
Verteilung der Resultate
Anzahl Personen mit jedem Resultat
Perzentil nach korrekt beantworteten Fragen
Ihre Resultats-Entwicklung
Sie haben dieses Quiz seit der letzten Aktualisierung nicht gespielt